Proyectos de mejoramiento y conservación de vías rurales municipales en el territorio nacional : (Registro nro. 15335)

Detalles MARC
000 -LEADER
fixed length control field 01277nam a22002297a 4500
003 - CONTROL NUMBER IDENTIFIER
control field OSt
005 - DATE AND TIME OF LATEST TRANSACTION
control field 20210311101837.0
008 - FIXED-LENGTH DATA ELEMENTS--GENERAL INFORMATION
fixed length control field 210311s2009 ck aob|gr|||| 00| 0 spa d
020 ## - INTERNATIONAL STANDARD BOOK NUMBER
International Standard Book Number 9789588546063
040 ## - CATALOGING SOURCE
Original cataloging agency CO-JMCR
Transcribing agency CO-JMCR
041 0# - LANGUAGE CODE
Language code of text/sound track or separate title spa
082 04 - DEWEY DECIMAL CLASSIFICATION NUMBER
Classification number 388.12 /
Item number F673p
Edition number 23
110 1# - MAIN ENTRY--CORPORATE NAME
Corporate name or jurisdiction name as entry element Colombia.
Subordinate unit Fonade
9 (RLIN) 35934
245 10 - TITLE STATEMENT
Title Proyectos de mejoramiento y conservación de vías rurales municipales en el territorio nacional :
Remainder of title Subdirección red terciaria y férrea : Plan de inversión rural 2007 /
Statement of responsibility, etc. Fonade
260 ## - PUBLICATION, DISTRIBUTION, ETC.
Place of publication, distribution, etc. Bogotá :
Name of publisher, distributor, etc. Fonade : Instituto Nacional de Vías,
Date of publication, distribution, etc. 2009
300 ## - PHYSICAL DESCRIPTION
Extent 197 páginas :
Other physical details ilustraciones, fotografías y mapas a color ;
Dimensions 33 cm.
504 ## - BIBLIOGRAPHY, ETC. NOTE
Bibliography, etc. note Bibliografía: páginas196-197
505 0# - FORMATTED CONTENTS NOTE
Formatted contents note Amazonas -- Antioquia -- Arauca -- Atlántico -- Bolívar -- Boyacá -- Caldas -- Caquetá -- Casanare -- Cauca -- Cesar -- Chocó -- Córdoba -- Cundinamarca -- Guainía -- Guaviare -- Huila -- La Guajira -- Magdalena -- Meta -- Nariño -- Norte de Santander -- Putumayo -- Quindío -- Risaralda -- Santander -- Sucre -- Tolima -- Valle del Cauca -- Vaupés -- Vichada
650 14 - SUBJECT ADDED ENTRY--TOPICAL TERM
Topical term or geographic name entry element Mejoramiento de vias
Geographic subdivision Colombia
9 (RLIN) 35935
650 14 - SUBJECT ADDED ENTRY--TOPICAL TERM
Topical term or geographic name entry element Carreteras rurales
Form subdivision proyectos
General subdivision mantenimiento y reparación
Geographic subdivision Colombia
9 (RLIN) 35936
942 ## - ADDED ENTRY ELEMENTS (KOHA)
Source of classification or shelving scheme Dewey Decimal Classification
Koha item type Books
Existencias
Withdrawn status Lost status Source of classification or shelving scheme Damaged status Not for loan Collection code Home library Current library Date acquired Source of acquisition Total Checkouts Full call number Barcode Date last seen Date last checked out Copy number Price effective from Koha item type
    Dewey Decimal Classification     Non-fiction Biblioteca Pública José María del Castillo y Rada Biblioteca Pública José María del Castillo y Rada 10/02/2020 Donación 3 388.12 / F673p 201810794 11/20/2025 11/20/2025 Ej.1 03/11/2021 Books